Get the Picture: Avengers Quotes Quiz Stats

 Plays Quiz Updated Jul 18, 2019

Score 0/12 Timer 03:00
12 Plays Today
Question Answer Wrong Answers
That's my secret, Cap: I'm always angry. Bruce Banner
92.6%
Tony Stark
2.7%
Thor
1.3%
Steve Rogers
1%
When I went under, the world was at war. I wake up, they say we won. They didn't say what we lost. Steve Rogers
91.8%
Tony Stark
2.2%
Thor
2.1%
Bruce Banner
1.5%
You know, the last time I was in Germany and saw a man standing above everybody else, we ended up disagreeing. Steve Rogers
88.4%
Tony Stark
5.4%
Thor
1.9%
Bruce Banner
1.6%
You people are so petty… and tiny. Thor
87.8%
Tony Stark
1.9%
Bruce Banner
7.1%
Steve Rogers
0.7%
Like Christmas, but with more... me. Tony Stark
86.3%
Thor
5.9%
Bruce Banner
2.5%
Steve Rogers
2.7%
He's adopted. Thor
85.5%
Tony Stark
8.7%
Bruce Banner
1.8%
Steve Rogers
1.7%
I put a bullet in my mouth, and the other guy spit it out. Bruce Banner
82.9%
Tony Stark
6.4%
Thor
3.3%
Steve Rogers
4.7%
That man is playing Galaga! Tony Stark
79.4%
Thor
9.1%
Bruce Banner
5.2%
Steve Rogers
3.9%
There's only one God, ma'am, and I'm pretty sure he doesn't dress like that. Steve Rogers
78.6%
Tony Stark
9.6%
Thor
7%
Bruce Banner
2.3%
Puny god! Bruce Banner
78%
Tony Stark
4.9%
Thor
13.6%
Steve Rogers
1%
Doth mother know you weareth her drapes? Tony Stark
76.4%
Thor
19%
Bruce Banner
1.2%
Steve Rogers
1%
You speak of control, yet you court chaos. Thor
71.2%
Tony Stark
7.8%
Bruce Banner
8.4%
Steve Rogers
9.8%

Today's Daily Dose

You're not logged in!

Compare scores with friends on all Sporcle quizzes.
OR
Log In

Sporcle TV

Today on Sporcle TV


Watch our educational content, quiz creation guides, and fun videos on Sporcle TV.

Show Comments

Extras

Top Quizzes Today


Score Distribution

Your Account Isn't Verified!

In order to create a playlist on Sporcle, you need to verify the email address you used during registration. Go to your Sporcle Settings to finish the process.

Report this User

Report this user for behavior that violates our Community Guidelines.

Details: